Countries of the World in their Own Language - MAP - Statistics

General Stats
  • This quiz has been taken 289 times
  • The average score is 98 of 196
Answers on the Map
Answers color-coded by a green-red scale on the quiz's map according to % correct below.
 
Answer Stats
Country % Correct
United States
95%
Canada
92%
United Kingdom
91%
Mexico
89%
Éire / Ireland
85%
France
85%
Argentina
82%
España
82%
Brasil
81%
Chile
81%
Colombia
81%
Deutschland
81%
Portugal
81%
Venezuela
81%
Australia
80%
Bolivia
80%
Cuba
80%
Italia
80%
Perú
80%
Ecuador
79%
Guyana
79%
Panamá
79%
Paraguay
79%
Uruguay
79%
Belize
78%
Guatemala
78%
Haiti / Ayiti
78%
Costa Rica
77%
Suriname
77%
Bahamas
76%
Nicaragua
76%
El Salvador
75%
Honduras
75%
New Zealand
74%
South Africa
73%
Jamaica
72%
Suomi / Finland
72%
Dominica
71%
Indonesia
69%
Nederland
69%
Niger
69%
Saint Kitts and Nevis
68%
Īrān
67%
Madagasikara / Madagascar
67%
Nigeria
67%
Lesotho
66%
Mali
66%
Malta
66%
Pākistān
66%
Saint Lucia
66%
Saint Vincent and the Grenadines
66%
Türkiye
66%
Nihon / Nippon
65%
République démocratique du Congo
65%
République du Congo
65%
România
65%
Trinidad and Tobago
65%
Barbados
64%
Botswana
64%
Kenya
64%
Namibia
64%
Nepāl
64%
Papua New Guinea / Papua Niugini
64%
Zambia
64%
Zimbabwe
64%
Al-'Iraq / Îraq
63%
Angola / Ngola
63%
Antigua and Barbuda
63%
België / Belgique / Belgien
63%
Bénin
63%
Fiji / Viti / फ़िजी
63%
Kazakhstán / Qazaqstan
63%
Malaysia
63%
Österreich
63%
São Tomé e Príncipe
63%
Côte d'Ivoire
62%
Ghana
62%
Lëtzebuerg / Luxemburg / Luxembourg
62%
Liberia
62%
Malawi / Malaŵi
62%
Nauru / Naoero
62%
Polska
62%
Tanzania
62%
Togo
62%
eSwatini
61%
Federated States of Micronesia
61%
Mauritius / Maurice / Moris
61%
Rwanda
61%
Samoa
61%
Sénégal
61%
Solomon Islands
61%
Tuvalu
61%
Uganda
61%
Burkina Faso
60%
Burundi / Uburundi
60%
Cameroon / Cameroun
60%
Kiribati
60%
Seychelles
60%
Sierra Leone
60%
Tonga
60%
Grenada
59%
Ísland
59%
Sri Lankā
59%
Vanuatu
59%
Bangladesh
58%
Gambia
58%
Marshall Islands / Aorōkin M̧ajeļ
58%
Schweiz / Suisse / Svizzera / Svizra
58%
Cabo Verde
57%
Danmark
57%
Qaṭar
56%
Zhōnghuá Mínguó / Táiwān
56%
Lao
55%
Moldova
55%
Norge
55%
Andorra
54%
Djibouti / Jībūtī
54%
Türkmenistan
54%
Kyrgyzstan / Kirgizija
53%
Libya / Lībiyā
53%
Sverige
53%
Bielaruś
52%
Hellas / Ellada
52%
Pilipinas
52%
San Marino
51%
Singapore
51%
Azərbaycan
50%
Myanma
50%
Hrvatska
49%
Liechtenstein
49%
Monaco / Múnegu
48%
República Dominicana
46%
Rossiya / Rossiâ
46%
Brunei
45%
South Sudan / Sudan Kusini
45%
Timor-Leste
42%
Bhārat
40%
Eesti
37%
Città del Vaticano / Civitas Vaticana
35%
Tchad / Tšād
33%
Zhōngguó
33%
Guinée / Gine
30%
Česká republika / Česko
29%
Slovensko
29%
Srbija
29%
Crna Gora
28%
Magyarország
28%
Misr / Masr
28%
Slovenija
27%
Guinea Ecuatorial
26%
Kosova / Косово
25%
Latvija
25%
Moçambique
25%
Lietuva
23%
Kypros / Kıbrıs
22%
Shqipëria
22%
Komori / Juzur al-Qamar / Comores
21%
Kampuchea
20%
Sak'art'velo
20%
Hayastán
17%
Lubnān / Liban
17%
République Centrafricaine / Ködörösêse tî Bêafrîka
17%
Bulgariya / Bălgarija
16%
Makedonija
16%
Guiné-Bissau
15%
Hanguk / Namhan
15%
Mongol Uls
13%
Yisra'el / Israʼiyl
13%
Belau
12%
Bosna i Hercegovina
12%
Dzayer / Al-Jazā'ir
12%
Soomaaliya / aş-Şūmāl
12%
As-Sudan
10%
Chosŏn / Bukchosŏn
10%
O‘zbekiston
10%
Tunes
9%
‘Umān
9%
Al-’Urdun
8%
Al-Yaman
8%
Druk Yul
8%
Suriyah
7%
Iritriya / Ertra
6%
Al-Mamlaka Al-‘Arabiyyah as Sa‘ūdiyyah
5%
Al-Baḥrayn
4%
Ityop'ia
4%
Mueang Thai / Prathet Thai / Ratcha-anachak Thai
4%
Mūrītānyā
4%
République gabonaise
4%
Tojikistan
4%
Ukraїna
4%
Afghanestan
2%
Dawlat ul-Kuwayt / il-ikwet
2%
Dhivehi Raajje
2%
Al-’Imārat Al-‘Arabiyyah Al-Muttaḥidah
1%
Al-maɣréb / Amerruk / Elmeɣrib
1%
Việt Nam
1%
No matching quizzes found
Score Distribution
Percent of People with Each Score
Percentile by Number Answered
Your Score History
You have not taken this quiz